Pokémon - Les attaques de Grolem - Statistiques

Statistiques générales
  • Ce quiz a été pris 33 fois
  • Le résultat moyen est 10 sur 17
Statistiques - réponses
Niveaux Types Noms des attaques % Correct
Niveau 40 Sol Séisme
100%
Départ Normal Charge
91%
Niveau 54 Roche Lame de Roc
73%
Niveau 12 Sol Ampleur
68%
Départ Niveau 6 Roche Poliroche
68%
Niveau 24 Normal Destruction
64%
Niveau 22 Sol Piétisol
64%
Niveau 50 Normal Damoclès
59%
Niveau 44 Normal Explosion
59%
Niveau 34 Roche Boule Roc
55%
Départ Normal Boul'Armure
50%
Niveau 30 Roche Piège de Roc
50%
Niveau 16 Roche Jet-Pierres
45%
Départ Niveau 4 Sol Lance-Boue
45%
Départ Niveau 60 Acier Tacle Lourd
45%
Niveau 18 Roche Anti-Air
36%
Niveau 10 Insecte Bulldoboule
23%
Aucun quiz correspondant
Distribution des résultats
% des personnes avec chaque résultat
Percentile par nombre de réponses
Votre historique - résultats
Vous n’avez pas pris ce quiz